Bohumil Sláma /

Hlavní autor: Sláma, Bohumil, 1913-1983
Další autoři: Chalupa, Josef, 1952-
Jazyk: Čeština
Vydáno: Nové Město na Moravě : Horácká galerie výtvarného umění, [1985?]
Témata:
Fyzický popis: 24 nečíslovaných stran : ilustrace ; 22 cm
Knihy
Uloženo v:
LEADER 01189nam a22003252i 4500
001 001533472
003 CZ BrMZK
005 20170504103405.0
007 ta
008 160704s1985 xr a erc||||||||||cze d
040 |a JIE303  |b cze  |d BOA001  |e rda 
072 7 |a 75  |x Malířství  |2 Konspekt  |9 21 
080 |a 75(437.3)  |2 MRF 
080 |a (083.824)  |2 MRF 
100 1 |a Sláma, Bohumil,  |d 1913-1983  |7 ola200203370  |4 art 
245 1 0 |a Bohumil Sláma /  |c autor textu Josef Chalupa 
264 1 |a Nové Město na Moravě :  |b Horácká galerie výtvarného umění,  |c [1985?] 
300 |a 24 nečíslovaných stran :  |b ilustrace ;  |c 22 cm 
336 |a text  |b txt  |2 rdacontent 
337 |a bez média  |b n  |2 rdamedia 
338 |a svazek  |b nc  |2 rdacarrier 
600 1 7 |a Sláma, Bohumil,  |d 1913-1983  |7 ola200203370  |2 czenas 
648 7 |a 20. století  |7 ch460558  |2 czenas 
650 0 7 |a české malířství  |y 20. století  |7 ph116864  |2 czenas 
655 7 |a katalogy výstav  |7 fd132536  |2 czenas 
700 1 |a Chalupa, Josef,  |d 1952-  |7 mzk2003208586  |4 wfw 
910 |a BOA001  |b X-0918.852 
990 |a BK 
991 |b 201605 
996 6 |b 2619167529  |c X-0918.852  |l MZK  |r Sklad / do 24 hodin  |n 0  |w 001568350  |u 000010  |a 1  |e BOA001  |j MZK50  |s P